A cselédlány öngyilkossága [rövid kiegészítő hír]
Elmentve itt :
| Dokumentumtípus: | Cikk |
|---|---|
| Megjelent: |
1929-05-25
|
| Sorozat: | Délmagyarország
5 No. 116 |
| Kulcsszavak: | Bitó Vera, Haláleset |
| Online Access: | http://dmarchiv.bibl.u-szeged.hu/38558 |
| LEADER | 00439nab a2200145 i 4500 | ||
|---|---|---|---|
| 001 | delm38558 | ||
| 005 | 20180927130106.0 | ||
| 008 | 180927s1929 hu o 0|| hun d | ||
| 040 | |a SZTE Délmagyarország Archívum |b hun | ||
| 041 | |a hun | ||
| 245 | 0 | 2 | |a A cselédlány öngyilkossága |h [elektronikus dokumentum] : |b [rövid kiegészítő hír] |
| 260 | |c 1929-05-25 | ||
| 300 | |a 8 | ||
| 490 | 0 | |a Délmagyarország |v 5 No. 116 | |
| 695 | |a Bitó Vera, Haláleset | ||